| 000 | 00984nam a22002657a 4500 | ||
|---|---|---|---|
| 003 | DO-SdBNP | ||
| 005 | 20250411115854.0 | ||
| 007 | ta | ||
| 008 | 211008e2020 dr aa||gr|||| 00| edspa d | ||
| 020 | _a9789945613704 | ||
| 040 |
_aDO-SdBNP _bspa _cBNPHU |
||
| 082 | 4 |
_222 _bB142c |
|
| 100 | 1 |
_aBáez, Etzel, _d1953- _944070 |
|
| 245 | 1 | 0 |
_aEl crimen de las hermanas Mirabal y Rufino de la Cruz / _cEtzel Báez ; ilustraciones : Abel Raimundo ; asesoría de historia : Carmen Durán. |
| 260 |
_aSanto Domingo : _bArchivo General de la Nación, _c2020 |
||
| 300 |
_a48 p. : _bil. ; _c28 cm. |
||
| 490 |
_aArchivo General de la Nación ; _v402 |
||
| 500 | _aIncluye datos biográficos de los autores. | ||
| 590 | _aInventariado, 2021 /LP | ||
| 650 | 0 |
_98626 _aTiras Cómicas, Historietas, etc.. _vEra de Trujillo, _xHistoria y Crítica _y1930-1961 |
|
| 700 | 1 |
_aRaimundo, Abel, _d1958- _eil. _980151 |
|
| 700 | 1 |
_aDurán, Carmen, _913188 |
|
| 910 | _aLopérez | ||
| 942 |
_2ddc _cLBS1 |
||
| 999 |
_c50723 _d50723 |
||